Focus sur: Bob - Tolkien - Statistiques

Statistiques générales
  • Ce quiz a été pris 9 fois
  • Le résultat moyen est 6 sur 7
Statistiques - réponses
Informations recherchées Réponses % Correct
Couleur des cheveux Brun
100%
Cité Bree
83%
Espèce Homme
83%
Première apparition Le Seigneur des Anneaux: La Communauté de l'Anneau
83%
Contrée Pays-de-Bree
83%
Age durant lequel il vécut Troisième
83%
Profession et titre Responsable des écuries du Poney Fringant
67%
Aucun quiz correspondant
Distribution des résultats
% des personnes avec chaque résultat
Percentile par nombre de réponses
Votre historique - résultats
Vous n’avez pas pris ce quiz